Beyond Bawa / (Record no. 7762)
[ view plain ]
| 000 -LEADER | |
|---|---|
| fixed length control field | 00386cam a22001695i 4500 |
| 003 - CONTROL NUMBER IDENTIFIER | |
| control field | OSt |
| 005 - DATE AND TIME OF LATEST TRANSACTION | |
| control field | 20200520135533.0 |
| 008 - FIXED-LENGTH DATA ELEMENTS--GENERAL INFORMATION | |
| fixed length control field | 140206s2014 nyu 000 0 eng |
| 010 ## - LIBRARY OF CONGRESS CONTROL NUMBER | |
| LC control number | 2014932783 |
| 020 ## - INTERNATIONAL STANDARD BOOK NUMBER | |
| International Standard Book Number | 9780500291566 (paper) |
| 082 ## - DEWEY DECIMAL CLASSIFICATION NUMBER | |
| Classification number | 720.92ROB |
| 100 1# - MAIN ENTRY--PERSONAL NAME | |
| Personal name | Robson, David. |
| 245 10 - TITLE STATEMENT | |
| Title | Beyond Bawa / |
| Statement of responsibility, etc | David Robson. |
| 263 ## - PROJECTED PUBLICATION DATE | |
| Projected publication date | 1409 |
| 300 ## - PHYSICAL DESCRIPTION | |
| Extent | pages cm |
| 942 ## - ADDED ENTRY ELEMENTS (KOHA) | |
| Source of classification or shelving scheme | |
| Withdrawn status | Lost status | Source of classification or shelving scheme | Damaged status | Koha normalized classification for sorting | Not for loan | Permanent location | Current location | Date acquired | Total Checkouts | Full call number | Barcode | Date last seen | Date last borrowed | Price effective from | Koha item type |
|---|---|---|---|---|---|---|---|---|---|---|---|---|---|---|---|
| 720_000000000000000_92ROB | BMS College of Architecture, Design and Planning | BMS College of Architecture, Design and Planning | 2020-05-20 | 7 | 720.92ROB | AR-UG1408 | 2024-12-04 | 2024-11-12 | 2020-05-20 | UG Books |